000
00338nam a2200133 a 4500
001
4140
005
20140414131845.0
008
090218s19uu xx 00 eng d
050
_a
M 220.9
_b
L33 1998
100
_a
Lashbrook, Marilyn
245
_a
Faith to fight! :
_b
the story of Caleb.
650
_a
Bible stories, O.T.
999
_c
109909
_d
109909